<?xml version="1.0" encoding="UTF-8"?>
<record
    xmlns:xsi="http://www.w3.org/2001/XMLSchema-instance"
    xsi:schemaLocation="http://www.loc.gov/MARC21/slim http://www.loc.gov/standards/marcxml/schema/MARC21slim.xsd"
    xmlns="http://www.loc.gov/MARC21/slim">

  <leader>00992nam a22002777a 4500</leader>
  <controlfield tag="003">AUA.1</controlfield>
  <controlfield tag="005">20240112082745.0</controlfield>
  <controlfield tag="008">111222t        xxu||||| |||| 00| 0 eng d</controlfield>
  <datafield tag="010" ind1=" " ind2=" ">
    <subfield code="a">8171768</subfield>
  </datafield>
  <datafield tag="020" ind1=" " ind2=" ">
    <subfield code="a">9780849902017</subfield>
  </datafield>
  <datafield tag="040" ind1=" " ind2=" ">
    <subfield code="c">F</subfield>
  </datafield>
  <datafield tag="050" ind1=" " ind2=" ">
    <subfield code="a">BS 491.2</subfield>
    <subfield code="b">.W67 1994</subfield>
  </datafield>
  <datafield tag="100" ind1=" " ind2=" ">
    <subfield code="a">Wenham, Gordon J.</subfield>
    <subfield code="9">18357</subfield>
  </datafield>
  <datafield tag="245" ind1=" " ind2=" ">
    <subfield code="a">Word Biblical commentary :</subfield>
    <subfield code="b">Genesis 16-50 /</subfield>
    <subfield code="c">Gordon Wenham</subfield>
  </datafield>
  <datafield tag="260" ind1=" " ind2=" ">
    <subfield code="a">Dallas, Tex.,</subfield>
    <subfield code="b">Word Books, </subfield>
    <subfield code="c">c 1994</subfield>
  </datafield>
  <datafield tag="300" ind1=" " ind2=" ">
    <subfield code="a">xxxviii, 517 p. :</subfield>
    <subfield code="c">24 cm</subfield>
  </datafield>
  <datafield tag="440" ind1=" " ind2=" ">
    <subfield code="a">Word Biblical commentary</subfield>
    <subfield code="n">v. 2</subfield>
    <subfield code="9">48877</subfield>
  </datafield>
  <datafield tag="504" ind1=" " ind2=" ">
    <subfield code="a">Include bibliography and index.</subfield>
  </datafield>
  <datafield tag="650" ind1=" " ind2=" ">
    <subfield code="a">Word Biblical commentary:</subfield>
    <subfield code="v">Genesis 16-50</subfield>
    <subfield code="x">Bible</subfield>
    <subfield code="y">commentaries</subfield>
    <subfield code="9">18358</subfield>
  </datafield>
  <datafield tag="650" ind1=" " ind2=" ">
    <subfield code="v">Bible</subfield>
    <subfield code="x">Study and interpretation of the Old Testament</subfield>
  </datafield>
  <datafield tag="700" ind1=" " ind2=" ">
    <subfield code="a">Hubbard, David A.</subfield>
    <subfield code="4">General ed.</subfield>
    <subfield code="9">48847</subfield>
  </datafield>
  <datafield tag="700" ind1=" " ind2=" ">
    <subfield code="a">Barker, Glenn W.</subfield>
    <subfield code="4">General ed.</subfield>
    <subfield code="9">48848</subfield>
  </datafield>
  <datafield tag="700" ind1=" " ind2=" ">
    <subfield code="a">Watts, John D.</subfield>
  </datafield>
  <datafield tag="700" ind1=" " ind2=" ">
    <subfield code="a">Martin, Ralph P.</subfield>
    <subfield code="4"> New Testament ed.</subfield>
    <subfield code="9">48850</subfield>
  </datafield>
  <datafield tag="942" ind1=" " ind2=" ">
    <subfield code="2">lcc</subfield>
    <subfield code="c">REF</subfield>
    <subfield code="h">BS 491.2</subfield>
    <subfield code="i">.W67 1994</subfield>
  </datafield>
  <datafield tag="999" ind1=" " ind2=" ">
    <subfield code="c">24112</subfield>
    <subfield code="d">24112</subfield>
  </datafield>
  <datafield tag="952" ind1=" " ind2=" ">
    <subfield code="0">0</subfield>
    <subfield code="1">0</subfield>
    <subfield code="2">lcc</subfield>
    <subfield code="4">0</subfield>
    <subfield code="7">0</subfield>
    <subfield code="8">REF</subfield>
    <subfield code="a">AUA.1</subfield>
    <subfield code="b">AUA.1</subfield>
    <subfield code="c">REF</subfield>
    <subfield code="d">2011-12-20</subfield>
    <subfield code="e">Donation, Biblical Research Institute</subfield>
    <subfield code="g">25.00</subfield>
    <subfield code="h">AUA006121</subfield>
    <subfield code="l">0</subfield>
    <subfield code="o">BS 491.2 .W67 1994</subfield>
    <subfield code="p">AUA006121</subfield>
    <subfield code="r">2011-12-20 00:00:00</subfield>
    <subfield code="t">v.2</subfield>
    <subfield code="v">25.00</subfield>
    <subfield code="w">2011-12-20</subfield>
    <subfield code="y">REF</subfield>
  </datafield>
  <datafield tag="952" ind1=" " ind2=" ">
    <subfield code="0">0</subfield>
    <subfield code="1">0</subfield>
    <subfield code="2">lcc</subfield>
    <subfield code="4">0</subfield>
    <subfield code="7">0</subfield>
    <subfield code="8">REF</subfield>
    <subfield code="a">AUA.1</subfield>
    <subfield code="b">AUA.1</subfield>
    <subfield code="c">REF</subfield>
    <subfield code="d">2016-07-26</subfield>
    <subfield code="e">Bought by JTL</subfield>
    <subfield code="g">30.76</subfield>
    <subfield code="h">AUA018199</subfield>
    <subfield code="l">1</subfield>
    <subfield code="o">BS 491.2 .W67 2000</subfield>
    <subfield code="p">AUA018199</subfield>
    <subfield code="r">2025-06-12 16:56:10</subfield>
    <subfield code="s">2025-06-11</subfield>
    <subfield code="t">v.2</subfield>
    <subfield code="v">30.76</subfield>
    <subfield code="w">2016-07-26</subfield>
    <subfield code="y">REF</subfield>
  </datafield>
</record>
